Handbook of informatics for nurses & healthcare professionals / (رقم التسجيلة. 38316)
[ عرض عادي ]
| 000 -الفاتح | |
|---|---|
| حقل البيانات ثابتة الطول | 01123cam a2200349 a 4500 |
| 001 - رقم الضبط | |
| رقم الضبط | 17038543 |
| 003 - محدد رقم الضبط | |
| رقم الضبط | OSt |
| 005 - وقت وتاريخ اخر تعامل مع التسجيلة | |
| رقم الضبط | 20151011175047.0 |
| 008 - عناصر البيانات ثابتة الطول - معلومات عامة | |
| حقل البيانات ثابتة الطول | 111104s2013 maua b 001 0 eng |
| 010 ## - رقم ضبط مكتبة الكونجرس | |
| رقم ضبط مكتبة الكونجرس | 2011045850 |
| 020 ## - الرقم الدولى المعيارى للكتب | |
| الرقم الدولى المعيارى للكتاب | 9780132959544 |
| 020 ## - الرقم الدولى المعيارى للكتب | |
| الرقم الدولى المعيارى للكتاب | 0132574950 |
| 035 ## - رقم ضبط النظام | |
| رقم ضبط النظام | (DNLM)101572454 |
| 040 ## - مصدر الفهرسة | |
| وكالة الفهرسة الأصلية | DNLM/DLC |
| وكالة النسخ | DLC |
| وكالة التعديل | DLC |
| 042 ## - رمز التحقق | |
| رمز التحقق | pcc |
| 050 00 - رقم طلب مكتبة الكونجرس | |
| رقم التصنيف | RT50.5 |
| رقم المادة | .H43 2013 |
| 060 10 - رقم الطلب بالمكتبة الطبية الوطنية | |
| رقم التصنيف | WY 26.5 |
| 082 00 - رقم تصنيف ديوى العشرى | |
| رقم التصنيف | 610.730285 |
| رقم الطبعة | 23 |
| رقم المادة | HTH |
| 100 1# - المدخل الرئيسى - إسم شخصى | |
| الإسم الشخصى | Hebda, Toni. |
| 9 (RLIN) | 51827 |
| 245 10 - بيان العنوان | |
| العنوان | Handbook of informatics for nurses & healthcare professionals / |
| بيان المسئوليه,etc | Toni Hebda, Patricia Czar. |
| 246 1# - العنوان الموازى | |
| عنوان صحيح/عنوان مختصر | Handbook of informatics for nurses and healthcare professionals |
| 250 ## - بيان الطبعة | |
| بيان الطبعة | 5th ed. |
| 260 ## - PUBLICATION, DISTRIBUTION, ETC. (IMPRINT) | |
| مكان الناشر او الموزع | Boston : |
| اسم الناشر او الموزع | Pearson, |
| تاريخ النشر أو التوزيع | c 2013. |
| 300 ## - الوصف المادى | |
| التعداد | xvi, 608 p. : |
| تفاصيل ماديه اخرى للوعاء | ill. (some col.) ; |
| أبعاد الوعاء | 26 cm. |
| 504 ## - تبصرة ببليوجرافية | |
| تبصرة ببليوجرافية,الخ | Includes bibliographical references and index. |
| 650 12 - المدخل الاضافى بالموضوع-مصطلح موضوعى | |
| مصطلح موضوعي أو اسم جغرافي كعنصر مدخل | Nursing Informatics. |
| 9 (RLIN) | 51828 |
| 650 22 - المدخل الاضافى بالموضوع-مصطلح موضوعى | |
| مصطلح موضوعي أو اسم جغرافي كعنصر مدخل | Allied Health Personnel. |
| 9 (RLIN) | 51829 |
| 700 1# - المدخل الاضافى - اسم شخصى | |
| الإسم الشخصى | Czar, Patricia. |
| 9 (RLIN) | 51830 |
| 906 ## - عنصر بيانات محلى F, LDF (RLIN) | |
| a | 7 |
| b | cbc |
| c | orignew |
| d | 1 |
| e | ecip |
| f | 20 |
| g | y-gencatlg |
| 942 ## - عناصر المدخل الإضافي( كوها) | |
| مصدر التصنيف او مخطط الترفيف | Dewey Decimal Classification |
| Koha [default] item type | كتاب |
| حالة الفقد | نموذج السعر الفعال | حالة تلف | ليس للاعارة | رقم الطلب | تاريخ الاكتساب | الموقع الحالي | الباركود | الفرع الرئيسي | Date last seen | نوع المادة فى نظام كوها | مصدر التصنيف او خطة الترفيف | Total Checkouts | Total Renewals | Date last checked out |
|---|---|---|---|---|---|---|---|---|---|---|---|---|---|---|
| 2015-10-11 | 610.730285 HTH | 2015-10-11 | المكتبة المركزية بالمجمعة (CL) | 00653777 | المكتبة المركزية بالمجمعة (CL) | 2015-10-11 | كتاب | Dewey Decimal Classification | ||||||
| 2015-10-11 | 610.730285 HTH | 2015-10-11 | المكتبة المركزية بالمجمعة (CL) | 00653778 | المكتبة المركزية بالمجمعة (CL) | 2015-10-11 | كتاب | Dewey Decimal Classification | ||||||
| 2015-10-11 | 610.730285 HTH | 2015-10-11 | المكتبة المركزية بالمجمعة (CL) | 00653779 | المكتبة المركزية بالمجمعة (CL) | 2015-10-11 | كتاب | Dewey Decimal Classification | ||||||
| 2015-10-15 | 610.730285 HTH | 2015-10-15 | مكتبة كلية العلوم الطبية التطبيقية بالمجمعة - طالبات (AMF) | 00654525 | مكتبة كلية العلوم الطبية التطبيقية بالمجمعة - طالبات (AMF) | 2019-09-26 | كتاب | Dewey Decimal Classification | 1 | 1 | 2019-09-24 | |||
| 2015-10-15 | 610.730285 HTH | 2015-10-15 | مكتبة كلية العلوم الطبية التطبيقية بالمجمعة - طالبات (AMF) | 00654526 | مكتبة كلية العلوم الطبية التطبيقية بالمجمعة - طالبات (AMF) | 2015-10-15 | كتاب | Dewey Decimal Classification |
